| 000 | 01103nac a22003137a 4500 | ||
|---|---|---|---|
| 001 | BR9301594 | ||
| 003 | BR-BrBNA | ||
| 005 | 20240105121449.0 | ||
| 008 | 230509b bl.|||m| |||| 00| 0 por d | ||
| 040 |
_aBR-BrBNA _bpor _cBiblioteca Nacional de Agricultura |
||
| 072 | _aH10 | ||
| 090 | _a0430 BR9301594 | ||
| 100 | 1 | _aSilva, A.L. da | |
| 100 | 1 | _aVeloso, V.R.S. | |
| 100 | 1 | _aCunha, H.F. da | |
| 110 | 1 | _aEmpresa Goiana de Pesquisa Agropecuaria, Goiania, GO (Brasil) | |
| 245 | 1 | _aSeletividade de inseticidas, a nivel de campo, para Trichogramma pretiosum (Riley, 1879), parasita de ovos de Alabama argillacea (Hubner, 1818), curuquere do algodoeiro | |
| 260 | 3 |
_aGoiania, GO (Brasil): _c1987. |
|
| 300 | _a9 p. | ||
| 490 |
_aBoletim de Pesquisa - Empresa Goiana de Pesquisa Agropecuaria (Brazil) _vno. 9 _xISSN 0102-2121 |
||
| 500 | _aSummaries (En, Pt) | ||
| 650 | _aCuruquere | ||
| 650 | _aAlgodao | ||
| 650 | _aInseticida | ||
| 650 | _aPraga de Planta | ||
| 650 | _aInseto para Controle Biologico | ||
| 909 |
_a202312 _bLúcia Elande _c55 _dLúcia Elande |
||
| 942 |
_2AGRIS _n0 _cMS |
||
| 999 |
_c285459 _d285459 |
||